000 00862cam a2200265 4500
001 M1811
008 090401t1995 xxu||||| |||| 00| 0 eng d
035 _a(Sirsi) u34661
041 _aeng
050 _a333.3329416
100 _aAdair, A.
245 _aInvestigation of the influence of property and socio-economic variables on residential values and the formulation of valuation models based on regression analysis.
260 _aBelfast
_bUniversity of Ulster
_c1995
300 _a66p. : ill.,maps ; 30cm.
350 _a0
520 _aReport funded by the RICS Education Trust.
650 _aREGRESSION ANALYSIS
650 _aRESIDENTIAL PROPERTY
_96266
650 _aVALUATION MODELS
690 _aRATING AND VALUATION
700 _aMcGreal, Stanley
710 _aSchool of the Built Environment
_93000
942 _n0
948 _c04/03/1997
999 _c89976
_d89976